Marketing decision making: a model building approach (Record no. 82635)

MARC details
000 -LEADER
fixed length control field 00654nam a2200145 a 4500
008 - FIXED-LENGTH DATA ELEMENTS--GENERAL INFORMATION
fixed length control field 120416s1980 ||||||||||||||||| || u
050 ## - LIBRARY OF CONGRESS CALL NUMBER
Classification number HF 5415.135 Kot
100 ## - MAIN ENTRY--PERSONAL NAME
Personal name Kotler, Philip
245 10 - TITLE STATEMENT
Title Marketing decision making: a model building approach
260 ## - PUBLICATION, DISTRIBUTION, ETC.
Place of publication, distribution, etc. London:
Name of publisher, distributor, etc. Holt, Rinehart
Date of publication, distribution, etc. 1980
300 ## - PHYSICAL DESCRIPTION
Extent xi, 720p. : ill.
350 ## -
-- 0.00
995 ## -
-- BINDERY (DAMAGED)
-- 0.00
-- 705317
-- CBU-MAIN LIBRARY (Kitwe)
-- 1
-- 0.00
-- HF 5415.135 Kot
-- 1
-- DAMAGED
-- 705317
-- Main Library Open Access Collection
995 ## -
-- BINDERY (DAMAGED)
-- 0.00
-- 704486
-- CBU-MAIN LIBRARY (Kitwe)
-- 2
-- 0.00
-- HF 5415.135 Kot
-- 2
-- DAMAGED
-- 704486
-- Main Library Open Access Collection
999 ## -
-- 82635
-- 82635
Holdings
Withdrawn status Lost status Source of classification or shelving scheme Damaged status Not for loan Permanent Location Current Location Shelving location Date acquired Total Checkouts Full call number Barcode Date last seen Copy number Price effective from Koha item type
          CBU-MAIN LIBRARY, KITWE. CBU-MAIN LIBRARY, KITWE.   09/29/2023   HF 5415.135 Kot 705317 09/29/2023 1 09/29/2023 MONOGRAPH
          CBU-MAIN LIBRARY, KITWE. CBU-MAIN LIBRARY, KITWE.   09/29/2023   HF 5415.135 Kot 704486 09/29/2023 2 09/29/2023 MONOGRAPH